[Event "Wroclaw"]
[Site "?"]
[Date "2020.08.25"]
[Round "11.6"]
[White "Pacan-Milej, Kosma"]
[Black "Fus, Jakub"]
[Result "0-1"]
[BlackElo "2191"]
[WhiteElo "2118"]
[LiveChessVersion "1.4.8"]

1. d4 {[%clk 0:15:18]} Nf6 {[%clk 0:15:18]} 2. c4 {[%clk 0:15:26]} g6
{[%clk 0:15:27]} 3. g3 {[%clk 0:15:34]} Bg7 {[%clk 0:15:35]} 4. Bg2
{[%clk 0:15:42]} O-O {[%clk 0:15:43]} 5. Nc3 {[%clk 0:15:50]} d6 {[%clk 0:15:52]}
6. Nf3 {[%clk 0:15:59]} c6 {[%clk 0:16:01]} 7. O-O {[%clk 0:16:04]} Bf5
{[%clk 0:16:09]} 8. b3 {[%clk 0:15:18]} Ne4 {[%clk 0:16:09]} 9. Bb2
{[%clk 0:15:25]} Nxc3 {[%clk 0:15:54]} 10. Bxc3 {[%clk 0:15:33]} Be4
{[%clk 0:16:02]} 11. Qd2 {[%clk 0:15:01]} d5 {[%clk 0:14:35]} 12. Rfd1
{[%clk 0:14:40]} Nd7 {[%clk 0:14:41]} 13. cxd5 {[%clk 0:13:17]} cxd5
{[%clk 0:14:49]} 14. Rac1 {[%clk 0:13:26]} Rc8 {[%clk 0:12:05]} 15. Bb4
{[%clk 0:12:21]} Rxc1 {[%clk 0:11:30]} 16. Rxc1 {[%clk 0:12:28]} Nb8
{[%clk 0:11:12]} 17. Ba5 {[%clk 0:09:24]} Qd6 {[%clk 0:10:35]} 18. Bc7
{[%clk 0:08:21]} Qd7 {[%clk 0:10:37]} 19. Bxb8 {[%clk 0:06:31]} Rxb8
{[%clk 0:10:42]} 20. Ne5 {[%clk 0:06:35]} Qd6 {[%clk 0:04:54]} 21. Qf4
{[%clk 0:05:40]} f6 {[%clk 0:04:21]} 22. Nd3 {[%clk 0:04:45]} e5 {[%clk 0:04:10]}
23. dxe5 {[%clk 0:04:28]} fxe5 {[%clk 0:04:18]} 24. Qg4 {[%clk 0:04:21]} h5
{[%clk 0:03:03]} 25. Qg5 {[%clk 0:02:37]} Kh7 {[%clk 0:03:09]} 26. Rc2
{[%clk 0:00:58]} Re8 {[%clk 0:02:35]} 27. Qe3 {[%clk 0:00:38]} Bxg2
{[%clk 0:02:32]} 28. Kxg2 {[%clk 0:00:47]} e4 {[%clk 0:02:33]} 29. Qf4
{[%clk 0:00:17]} Qd8 {[%clk 0:00:33]} 30. Nc5 {[%clk 0:00:22]} b6
{[%clk 0:00:27]} 31. Nb7 {[%clk 0:00:29]} Qf6 {[%clk 0:00:15]} 32. Qxf6
{[%clk 0:00:23]} Bxf6 {[%clk 0:00:24]} 33. Nd6 {[%clk 0:00:20]} Re7
{[%clk 0:00:24]} 34. e3 {[%clk 0:00:24]} Rd7 {[%clk 0:00:28]} 35. Nb5
{[%clk 0:00:28]} Be5 {[%clk 0:00:29]} 36. Rc6 {[%clk 0:00:29]} Kg7
{[%clk 0:00:26]} 37. h4 {[%clk 0:00:26]} Kf7 {[%clk 0:00:29]} 38. a4
{[%clk 0:00:31]} Bf6 {[%clk 0:00:20]} 39. Kf1 {[%clk 0:00:30]} Ke7
{[%clk 0:00:26]} 40. Ke2 {[%clk 0:00:37]} a6 {[%clk 0:00:27]} 41. Nd4
{[%clk 0:00:19]} Rd6 {[%clk 0:00:14]} 42. Rc7+ {[%clk 0:00:26]} Rd7
{[%clk 0:00:23]} 43. Nc6+ {[%clk 0:00:23]} Kd6 {[%clk 0:00:32]} 44. Rxd7+
{[%clk 0:00:32]} Kxd7 {[%clk 0:00:41]} 45. Nb4 {[%clk 0:00:16]} Kd6
{[%clk 0:00:33]} 46. Nxa6 {[%clk 0:00:24]} Bc3 {[%clk 0:00:39]} 47. b4
{[%clk 0:00:18]} Kc6 {[%clk 0:00:26]} 48. f3 {[%clk 0:00:12]} Kb7
{[%clk 0:00:24]} 49. b5 {[%clk 0:00:20]} exf3+ {[%clk 0:00:32]} 50. Kxf3
{[%clk 0:00:28]} Be1 {[%clk 0:00:41]} 51. Kf4 {[%clk 0:00:33]} Bd2
{[%clk 0:00:21]} 52. Kf3 {[%clk 0:00:29]} Be1 {[%clk 0:00:29]} 53. Kg2
{[%clk 0:00:28]} Kc8 {[%clk 0:00:31]} 54. Kh3 {[%clk 0:00:20]} Bd2
{[%clk 0:00:35]} 55. Kg2 {[%clk 0:00:29]} Be1 {[%clk 0:00:25]} 56. Kf1
{[%clk 0:00:26]} Bxg3 {[%clk 0:00:29]} 57. Nb4 {[%clk 0:00:35]} Bxh4
{[%clk 0:00:33]} 58. Nxd5 {[%clk 0:00:44]} Bd8 {[%clk 0:00:29]} 59. e4
{[%clk 0:00:17]} g5 {[%clk 0:00:30]} 60. Kg2 {[%clk 0:00:26]} Kd7
{[%clk 0:00:39]} 61. Kf3 {[%clk 0:00:23]} Kd6 {[%clk 0:00:41]} 62. Ne3
{[%clk 0:00:20]} Ke5 {[%clk 0:00:38]} 63. Nd5 {[%clk 0:00:12]} g4+
{[%clk 0:00:45]} 64. Kg2 {[%clk 0:00:13]} Kxe4 {[%clk 0:00:52]} 65. Nb4
{[%clk 0:00:15]} h4 {[%clk 0:00:54]} 66. Nc6 {[%clk 0:00:25]} Bc7
{[%clk 0:01:03]} 0-1

[Event "Wroclaw"]
[Site "?"]
[Date "2020.08.25"]
[Round "11.7"]
[White "Musial, Tomasz"]
[Black "Mis, Mieszko"]
[Result "0-1"]
[BlackElo "2258"]
[WhiteElo "1958"]
[LiveChessVersion "1.4.8"]

1. d4 {[%clk 0:15:19]} Nf6 {[%clk 0:15:19]} 2. c4 {[%clk 0:15:27]} e6
{[%clk 0:15:26]} 3. Nf3 {[%clk 0:15:35]} d5 {[%clk 0:15:32]} 4. g3
{[%clk 0:15:43]} dxc4 {[%clk 0:15:39]} 5. Bg2 {[%clk 0:15:51]} Bb4+
{[%clk 0:15:47]} 6. Nbd2 {[%clk 0:15:56]} b5 {[%clk 0:15:15]} 7. O-O
{[%clk 0:15:46]} Bb7 {[%clk 0:14:50]} 8. a4 {[%clk 0:15:03]} c6 {[%clk 0:12:57]}
9. Ne1 {[%clk 0:13:19]} a6 {[%clk 0:11:53]} 10. axb5 {[%clk 0:12:05]} axb5
{[%clk 0:12:01]} 11. Rxa8 {[%clk 0:12:13]} Bxa8 {[%clk 0:12:09]} 12. Nc2
{[%clk 0:12:03]} Be7 {[%clk 0:12:09]} 13. Ne4 {[%clk 0:10:10]} Nbd7
{[%clk 0:12:00]} 14. Bf4 {[%clk 0:09:42]} O-O {[%clk 0:11:31]} 15. Qa1
{[%clk 0:06:58]} Nxe4 {[%clk 0:11:28]} 16. Bxe4 {[%clk 0:07:06]} Nf6
{[%clk 0:11:35]} 17. Bf3 {[%clk 0:07:02]} c5 {[%clk 0:11:08]} 18. Bxa8
{[%clk 0:06:25]} Qxa8 {[%clk 0:11:16]} 19. dxc5 {[%clk 0:05:59]} Bxc5
{[%clk 0:11:16]} 20. Be3 {[%clk 0:05:51]} Bxe3 {[%clk 0:10:01]} 21. Nxe3
{[%clk 0:05:58]} h5 {[%clk 0:09:56]} 22. Rd1 {[%clk 0:05:08]} h4 {[%clk 0:09:50]}
23. Qxa8 {[%clk 0:04:35]} Rxa8 {[%clk 0:09:58]} 24. gxh4 {[%clk 0:04:44]} Ra2
{[%clk 0:09:40]} 25. Rd8+ {[%clk 0:03:43]} Kh7 {[%clk 0:09:48]} 26. Rb8
{[%clk 0:03:46]} Rxb2 {[%clk 0:06:51]} 27. Nxc4 {[%clk 0:03:52]} Rxe2
{[%clk 0:04:56]} 28. Rxb5 {[%clk 0:03:57]} Nd5 {[%clk 0:04:51]} 29. Kg2
{[%clk 0:03:05]} Rc2 {[%clk 0:04:26]} 30. Ne5 {[%clk 0:02:43]} f6
{[%clk 0:04:13]} 31. Nd3 {[%clk 0:02:16]} Rd2 {[%clk 0:04:19]} 32. Nc5
{[%clk 0:01:30]} Nf4+ {[%clk 0:04:17]} 33. Kf3 {[%clk 0:01:34]} e5
{[%clk 0:04:18]} 34. Rb3 {[%clk 0:00:59]} Rc2 {[%clk 0:04:13]} 35. Ne4
{[%clk 0:00:37]} Ne6 {[%clk 0:03:31]} 36. Kg3 {[%clk 0:00:25]} Nd4
{[%clk 0:03:37]} 37. Ra3 {[%clk 0:00:20]} Rc1 {[%clk 0:03:35]} 38. Kg2
{[%clk 0:00:23]} Nf5 {[%clk 0:03:24]} 39. Kh3 {[%clk 0:00:17]} Rc4
{[%clk 0:03:22]} 40. Nd2 {[%clk 0:00:26]} Rxh4+ {[%clk 0:03:28]} 41. Kg2
{[%clk 0:00:35]} Rg4+ {[%clk 0:03:32]} 42. Kf1 {[%clk 0:00:34]} Rb4
{[%clk 0:03:31]} 43. Nf3 {[%clk 0:00:30]} Rb2 {[%clk 0:03:35]} 44. Ne1
{[%clk 0:00:27]} Nd4 {[%clk 0:03:37]} 45. Rh3+ {[%clk 0:00:35]} Kg6
{[%clk 0:03:44]} 46. Rg3+ {[%clk 0:00:44]} Kf7 {[%clk 0:03:53]} 47. Rc3
{[%clk 0:00:33]} Rb1 {[%clk 0:04:00]} 48. Rc7+ {[%clk 0:00:19]} Kg6
{[%clk 0:04:08]} 49. Rc3 {[%clk 0:00:28]} e4 {[%clk 0:04:07]} 50. Re3
{[%clk 0:00:30]} Nf3 {[%clk 0:04:14]} 51. Re2 {[%clk 0:00:23]} f5
{[%clk 0:04:14]} 0-1

[Event "Wroclaw"]
[Site "?"]
[Date "2020.08.25"]
[Round "11.8"]
[White "Wierzbicki, Michal"]
[Black "Nowak, Mikolaj"]
[Result "0-1"]
[BlackElo "2200"]
[WhiteElo "1700"]
[LiveChessVersion "1.4.8"]

1. d4 {[%clk 0:15:19]} d6 {[%clk 0:15:18]} 2. Nf3 {[%clk 0:15:26]} f5
{[%clk 0:15:25]} 3. g3 {[%clk 0:15:26]} Nf6 {[%clk 0:15:33]} 4. Bg2
{[%clk 0:15:35]} g6 {[%clk 0:15:42]} 5. O-O {[%clk 0:15:33]} Bg7 {[%clk 0:15:51]}
6. c4 {[%clk 0:15:33]} O-O {[%clk 0:15:58]} 7. Nc3 {[%clk 0:15:38]} Nc6
{[%clk 0:16:06]} 8. d5 {[%clk 0:15:15]} Na5 {[%clk 0:16:12]} 9. Qd3
{[%clk 0:14:46]} e5 {[%clk 0:16:20]} 10. dxe6 {[%clk 0:14:36]} Bxe6
{[%clk 0:16:28]} 11. Nd2 {[%clk 0:14:00]} Nc6 {[%clk 0:16:26]} 12. Nd5
{[%clk 0:13:37]} Ne5 {[%clk 0:15:54]} 13. Qc2 {[%clk 0:13:05]} c6
{[%clk 0:15:49]} 14. Nf4 {[%clk 0:12:56]} Bf7 {[%clk 0:15:38]} 15. Rb1
{[%clk 0:12:15]} Qd7 {[%clk 0:14:58]} 16. b3 {[%clk 0:11:51]} Rae8
{[%clk 0:14:52]} 17. Bb2 {[%clk 0:11:31]} g5 {[%clk 0:12:34]} 18. Nd3
{[%clk 0:11:39]} Ng6 {[%clk 0:12:04]} 19. Rbe1 {[%clk 0:10:56]} f4
{[%clk 0:11:26]} 20. c5 {[%clk 0:08:22]} d5 {[%clk 0:11:23]} 21. Bd4
{[%clk 0:08:30]} Be6 {[%clk 0:10:11]} 22. Qb2 {[%clk 0:08:10]} Bg4
{[%clk 0:09:00]} 23. Nf3 {[%clk 0:07:44]} Bxf3 {[%clk 0:08:47]} 24. Bxf3
{[%clk 0:07:11]} Qf5 {[%clk 0:08:29]} 25. Bg2 {[%clk 0:06:27]} Rf7
{[%clk 0:07:59]} 26. b4 {[%clk 0:02:55]} a6 {[%clk 0:08:08]} 27. a4
{[%clk 0:03:04]} Rfe7 {[%clk 0:08:12]} 28. Bxf6 {[%clk 0:02:10]} Bxf6
{[%clk 0:08:14]} 29. Qd2 {[%clk 0:01:50]} Bg7 {[%clk 0:06:01]} 30. Nc1
{[%clk 0:00:53]} Ne5 {[%clk 0:05:47]} 31. e4 {[%clk 0:00:40]} dxe4
{[%clk 0:05:10]} 32. Qa2+ {[%clk 0:00:49]} Qf7 {[%clk 0:05:01]} 33. Qxf7+ Nxf7
{[%clk 0:04:59]} 34. gxf4 {[%clk 0:00:55]} gxf4 {[%clk 0:05:07]} 35. Rd1
{[%clk 0:00:52]} Bc3 {[%clk 0:03:19]} 36. Na2 {[%clk 0:00:54]} Bf6
{[%clk 0:03:18]} 37. Rfe1 {[%clk 0:00:47]} Kg7 {[%clk 0:02:38]} 38. Bh3
{[%clk 0:00:46]} h5 {[%clk 0:02:23]} 39. Re2 {[%clk 0:00:27]} Ng5
{[%clk 0:02:12]} 40. Bf1 {[%clk 0:00:19]} Nf3+ {[%clk 0:01:48]} 41. Kh1
{[%clk 0:00:28]} Nd4 {[%clk 0:01:24]} 42. Ree1 {[%clk 0:00:22]} e3
{[%clk 0:01:22]} 43. fxe3 {[%clk 0:00:30]} Rxe3 {[%clk 0:01:20]} 44. Rxe3
{[%clk 0:00:39]} fxe3 {[%clk 0:01:20]} 45. Nc1 {[%clk 0:00:27]} Re7
{[%clk 0:00:20]} 46. Be2 {[%clk 0:00:21]} Kh6 {[%clk 0:00:19]} 47. Rf1
{[%clk 0:00:13]} Bg5 {[%clk 0:00:19]} 48. Kg2 {[%clk 0:00:17]} Nxe2
{[%clk 0:00:25]} 49. Nxe2 {[%clk 0:00:26]} Rd7 {[%clk 0:00:33]} 50. Rb1
{[%clk 0:00:18]} Rf7 {[%clk 0:00:38]} 51. Re1 {[%clk 0:00:12]} Kg6
{[%clk 0:00:40]} 52. Nd4 {[%clk 0:00:13]} Rf2+ {[%clk 0:00:37]} 53. Kg3
{[%clk 0:00:23]} Rb2 {[%clk 0:00:42]} 54. b5 {[%clk 0:00:18]} axb5
{[%clk 0:00:46]} 55. axb5 {[%clk 0:00:27]} cxb5 {[%clk 0:00:55]} 56. Nf3
{[%clk 0:00:14]} Rc2 {[%clk 0:00:35]} 57. h4 {[%clk 0:00:14]} Bh6
{[%clk 0:00:30]} 58. Ne5+ {[%clk 0:00:14]} Kf5 {[%clk 0:00:34]} 59. Nd3
{[%clk 0:00:11]} Ke4 {[%clk 0:00:36]} 60. Nb4 {[%clk 0:00:20]} Bf4+
{[%clk 0:00:43]} 61. Kh3 {[%clk 0:00:24]} Rh2# 0-1

[Event "Wroclaw"]
[Site "?"]
[Date "2020.08.25"]
[Round "11.9"]
[White "Warchol, Bartosz"]
[Black "Bojczewski, Mateusz"]
[Result "1/2-1/2"]
[BlackElo "1706"]
[WhiteElo "1704"]
[LiveChessVersion "1.4.8"]

1. d4 {[%clk 0:15:18]} Nf6 {[%clk 0:15:19]} 2. c4 {[%clk 0:15:22]} e6
{[%clk 0:15:27]} 3. Nf3 {[%clk 0:15:31]} d5 {[%clk 0:15:34]} 4. g3
{[%clk 0:15:39]} dxc4 {[%clk 0:15:40]} 5. Bg2 {[%clk 0:15:37]} c5
{[%clk 0:15:48]} 6. O-O {[%clk 0:15:14]} Nc6 {[%clk 0:15:48]} 7. Qa4
{[%clk 0:14:57]} Bd7 {[%clk 0:15:33]} 8. Qxc4 {[%clk 0:14:40]} cxd4
{[%clk 0:15:37]} 9. Nxd4 {[%clk 0:13:47]} Rc8 {[%clk 0:15:43]} 10. Rd1
{[%clk 0:12:40]} Qb6 {[%clk 0:14:49]} 11. Nxc6 {[%clk 0:10:25]} Bxc6
{[%clk 0:14:42]} 12. Nc3 {[%clk 0:09:40]} Bc5 {[%clk 0:13:25]} 13. Qf4
{[%clk 0:06:46]} Bxg2 {[%clk 0:12:55]} 14. Kxg2 {[%clk 0:06:51]} O-O
{[%clk 0:12:24]} 15. Rd3 {[%clk 0:04:11]} Qc6+ {[%clk 0:12:19]} 16. Qf3
{[%clk 0:04:12]} Qxf3+ {[%clk 0:12:22]} 17. Kxf3 {[%clk 0:03:59]} Rfd8
{[%clk 0:12:24]} 18. Rxd8+ {[%clk 0:03:51]} Rxd8 {[%clk 0:12:32]} 19. Bg5
{[%clk 0:03:48]} Bd4 {[%clk 0:12:14]} 20. Rd1 {[%clk 0:03:35]} h6
{[%clk 0:12:20]} 21. Be3 {[%clk 0:03:09]} e5 {[%clk 0:11:26]} 22. Nb5
{[%clk 0:02:35]} a6 {[%clk 0:11:35]} 23. Nxd4 {[%clk 0:02:18]} exd4
{[%clk 0:11:42]} 24. Rxd4 {[%clk 0:02:23]} Rc8 {[%clk 0:11:46]} 25. Rd6
{[%clk 0:02:06]} Rc7 {[%clk 0:10:48]} 26. Bd4 {[%clk 0:02:02]} Ne8
{[%clk 0:10:05]} 27. Rd8 {[%clk 0:01:51]} Kf8 {[%clk 0:10:14]} 28. Rb8
{[%clk 0:01:31]} Ke7 {[%clk 0:10:13]} 29. Bb6 {[%clk 0:01:24]} Rd7
{[%clk 0:10:17]} 30. Bc5+ {[%clk 0:01:29]} Nd6 {[%clk 0:10:24]} 31. e4
{[%clk 0:01:10]} Ke6 {[%clk 0:10:24]} 32. Bxd6 {[%clk 0:01:18]} Kxd6
{[%clk 0:10:32]} 33. Ke3 {[%clk 0:01:07]} Ke6 {[%clk 0:10:39]} 34. f4
{[%clk 0:01:08]} Rc7 {[%clk 0:10:48]} 35. h4 {[%clk 0:01:09]} Ke7
{[%clk 0:10:27]} 36. Kd4 {[%clk 0:01:02]} b5 {[%clk 0:10:35]} 37. Rb6
{[%clk 0:00:54]} Rc2 {[%clk 0:10:44]} 38. Rxa6 {[%clk 0:00:50]} Rxb2
{[%clk 0:10:52]} 39. Ke5 {[%clk 0:00:32]} Rg2 {[%clk 0:10:49]} 40. Ra7+
{[%clk 0:00:36]} Kf8 {[%clk 0:10:56]} 41. Kd6 {[%clk 0:00:26]} g6
{[%clk 0:11:00]} 42. Ra3 {[%clk 0:00:21]} b4 {[%clk 0:11:08]} 43. Ra8+
{[%clk 0:00:25]} Kg7 {[%clk 0:11:17]} 44. Ra4 {[%clk 0:00:20]} Rxg3
{[%clk 0:11:21]} 45. Rxb4 {[%clk 0:00:26]} Ra3 {[%clk 0:11:23]} 46. Rb2
{[%clk 0:00:26]} Ra4 {[%clk 0:11:25]} 47. Ke5 {[%clk 0:00:26]} Ra5+
{[%clk 0:11:35]} 48. Kd4 Ra4+ 49. Ke3 {[%clk 0:00:21]} Ra3+ {[%clk 0:11:54]} 50.
Kd4 {[%clk 0:00:19]} Ra4+ {[%clk 0:12:03]} 51. Ke5 {[%clk 0:00:15]} Ra5+
{[%clk 0:12:12]} 52. Kd4 {[%clk 0:00:24]} Ra4+ {[%clk 0:12:21]} 53. Ke3
{[%clk 0:00:19]} Ra3+ {[%clk 0:12:30]} 54. Kd4 {[%clk 0:00:15]} Ra4+
{[%clk 0:12:39]} 1/2-1/2

[Event "Wroclaw"]
[Site "?"]
[Date "2020.08.25"]
[Round "11.10"]
[White "Kozlowski, Pawel"]
[Black "Distel, Pawel"]
[Result "1/2-1/2"]
[BlackElo "1574"]
[WhiteElo "1805"]
[LiveChessVersion "1.4.8"]

1. f4 {[%clk 0:15:19]} f5 {[%clk 0:15:11]} 2. Nf3 {[%clk 0:15:28]} Nf6
{[%clk 0:15:20]} 3. b3 {[%clk 0:15:37]} g6 {[%clk 0:15:28]} 4. Bb2
{[%clk 0:15:46]} Bg7 {[%clk 0:15:37]} 5. e3 {[%clk 0:15:55]} O-O {[%clk 0:15:43]}
6. Be2 {[%clk 0:16:03]} Nc6 {[%clk 0:15:42]} 7. O-O {[%clk 0:16:09]} d6
{[%clk 0:15:50]} 8. c4 {[%clk 0:15:10]} Qe8 {[%clk 0:15:27]} 9. d4
{[%clk 0:14:47]} Ng4 {[%clk 0:15:30]} 10. Qd2 {[%clk 0:14:24]} e5
{[%clk 0:15:37]} 11. h3 {[%clk 0:10:55]} exf4 {[%clk 0:14:20]} 12. hxg4
{[%clk 0:06:37]} fxe3 {[%clk 0:14:22]} 13. Qd1 {[%clk 0:06:42]} fxg4
{[%clk 0:14:10]} 14. Nh2 {[%clk 0:06:13]} Rxf1+ {[%clk 0:13:23]} 15. Nxf1
{[%clk 0:06:20]} Bf5 {[%clk 0:12:06]} 16. Na3 {[%clk 0:05:58]} Qe4
{[%clk 0:10:15]} 17. Nb5 {[%clk 0:04:43]} Rf8 {[%clk 0:09:22]} 18. Nc3
{[%clk 0:01:21]} Qf4 {[%clk 0:09:20]} 19. Qe1 {[%clk 0:01:07]} Nxd4
{[%clk 0:08:56]} 20. Rd1 {[%clk 0:00:29]} Nxe2+ {[%clk 0:07:17]} 21. Qxe2
{[%clk 0:00:30]} Qf2+ {[%clk 0:07:20]} 22. Qxf2 {[%clk 0:00:25]} exf2+
{[%clk 0:07:28]} 23. Kh2 {[%clk 0:00:17]} Be5+ {[%clk 0:06:42]} 24. g3
{[%clk 0:00:25]} c6 {[%clk 0:06:46]} 25. Rd2 {[%clk 0:00:20]} h5 {[%clk 0:05:23]}
26. Na4 {[%clk 0:00:12]} Be4 {[%clk 0:05:01]} 27. Bxe5 {[%clk 0:00:17]} dxe5
{[%clk 0:05:10]} 28. Nc5 {[%clk 0:00:25]} Bb1 {[%clk 0:04:50]} 29. Rb2
{[%clk 0:00:26]} Bf5 {[%clk 0:03:36]} 30. Rxf2 {[%clk 0:00:32]} b6
{[%clk 0:03:45]} 31. Na4 {[%clk 0:00:14]} Rd8 {[%clk 0:03:34]} 32. Rd2
{[%clk 0:00:15]} Bd3 {[%clk 0:03:22]} 33. Nb2 {[%clk 0:00:19]} e4
{[%clk 0:02:51]} 34. Nxd3 {[%clk 0:00:27]} exd3 {[%clk 0:02:59]} 35. Kg2
{[%clk 0:00:30]} g5 {[%clk 0:03:05]} 36. Ne3 {[%clk 0:00:27]} Rd4
{[%clk 0:03:12]} 37. Nf5 {[%clk 0:00:28]} Re4 {[%clk 0:02:59]} 38. Kf2
{[%clk 0:00:21]} h4 {[%clk 0:03:08]} 39. Rxd3 {[%clk 0:00:19]} h3
{[%clk 0:03:08]} 40. Rd8+ {[%clk 0:00:19]} Kh7 {[%clk 0:03:15]} 41. Rd6
{[%clk 0:00:16]} Re5 {[%clk 0:03:09]} 42. Rh6+ {[%clk 0:00:23]} Kg8
{[%clk 0:03:16]} 43. Ne3 {[%clk 0:00:25]} Kg7 {[%clk 0:03:11]} 44. Nxg4
{[%clk 0:00:19]} Re4 {[%clk 0:02:55]} 45. Kf3 {[%clk 0:00:28]} Rxg4
{[%clk 0:03:02]} 46. Rd6 {[%clk 0:00:14]} h2 {[%clk 0:02:57]} 47. Rd1
{[%clk 0:00:23]} Rd4 {[%clk 0:02:54]} 48. Rh1 {[%clk 0:00:17]} Rd2
{[%clk 0:03:01]} 49. a4 {[%clk 0:00:23]} Rb2 {[%clk 0:03:04]} 50. Ke4
{[%clk 0:00:20]} Kf6 {[%clk 0:03:05]} 51. g4 {[%clk 0:00:16]} Rxb3
{[%clk 0:02:56]} 52. Rxh2 {[%clk 0:00:25]} Rb4 {[%clk 0:03:04]} 53. Rh6+
{[%clk 0:00:27]} Ke7 {[%clk 0:03:13]} 54. Kd4 {[%clk 0:00:15]} Rxa4 55. Rxc6
{[%clk 0:00:12]} b5 {[%clk 0:03:19]} 56. Ke5 {[%clk 0:00:13]} Rxc4
{[%clk 0:03:24]} 57. Ra6 {[%clk 0:00:22]} Rxg4 {[%clk 0:03:25]} 58. Rxa7+ Kd8
{[%clk 0:03:27]} 59. Kf5 {[%clk 0:00:26]} Rg1 {[%clk 0:02:41]} 60. Rb7
{[%clk 0:00:34]} Rb1 {[%clk 0:02:49]} 61. Kxg5 {[%clk 0:00:18]} b4
{[%clk 0:02:49]} 62. Kf4 {[%clk 0:00:24]} b3 {[%clk 0:02:54]} 63. Ke3
{[%clk 0:00:33]} Rh1 {[%clk 0:02:28]} 64. Kd2 {[%clk 0:00:41]} Rh3
{[%clk 0:02:33]} 65. Kc1 {[%clk 0:00:46]} Kc8 {[%clk 0:02:42]} 66. Rb4
{[%clk 0:00:51]} Kc7 {[%clk 0:02:44]} 1/2-1/2

[Event "Wroclaw"]
[Site "?"]
[Date "2020.08.25"]
[Round "11.11"]
[White "Golenia, Wojciech"]
[Black "Jagura Norbert"]
[Result "1/2-1/2"]
[BlackElo "1600"]
[WhiteElo "1988"]
[LiveChessVersion "1.4.8"]

1. d4 {[%clk 0:15:19]} d5 {[%clk 0:15:16]} 2. Bf4 {[%clk 0:15:28]} e6
{[%clk 0:15:20]} 3. e3 {[%clk 0:15:36]} Bd6 {[%clk 0:15:26]} 4. Bg3
{[%clk 0:15:44]} Nf6 {[%clk 0:15:10]} 5. Nd2 {[%clk 0:15:52]} h5 {[%clk 0:14:31]}
6. Bxd6 {[%clk 0:14:28]} Qxd6 {[%clk 0:14:39]} 7. Bd3 {[%clk 0:14:21]} Nbd7
{[%clk 0:14:43]} 8. c3 {[%clk 0:14:18]} e5 {[%clk 0:14:30]} 9. Bf5
{[%clk 0:13:25]} e4 {[%clk 0:13:18]} 10. Ne2 {[%clk 0:12:19]} g6 {[%clk 0:12:50]}
11. Bh3 {[%clk 0:12:19]} g5 {[%clk 0:12:29]} 12. Bf5 {[%clk 0:11:53]} Nf8
{[%clk 0:12:31]} 13. Bxc8 {[%clk 0:11:48]} Rxc8 {[%clk 0:12:39]} 14. Qa4+
{[%clk 0:10:11]} N8d7 {[%clk 0:11:35]} 15. h4 {[%clk 0:09:14]} Rg8
{[%clk 0:09:43]} 16. hxg5 {[%clk 0:08:25]} Rxg5 {[%clk 0:09:50]} 17. Nf4
{[%clk 0:08:31]} a6 {[%clk 0:09:37]} 18. g3 {[%clk 0:07:22]} b5 {[%clk 0:09:42]}
19. Qd1 {[%clk 0:07:30]} c5 {[%clk 0:08:55]} 20. Nxh5 {[%clk 0:07:11]} cxd4
{[%clk 0:07:07]} 21. cxd4 {[%clk 0:06:21]} Nxh5 {[%clk 0:06:18]} 22. Rxh5
{[%clk 0:06:27]} Rxh5 {[%clk 0:05:51]} 23. Qxh5 {[%clk 0:06:31]} Rc2
{[%clk 0:05:53]} 24. b3 {[%clk 0:04:06]} Qb4 {[%clk 0:04:49]} 25. Rd1
{[%clk 0:04:04]} Qd6 {[%clk 0:02:49]} 26. Qh8+ {[%clk 0:03:44]} Ke7
{[%clk 0:02:37]} 27. Qh4+ {[%clk 0:01:58]} Nf6 {[%clk 0:02:39]} 28. g4
{[%clk 0:01:52]} Kd7 {[%clk 0:01:45]} 29. g5 {[%clk 0:01:52]} Ne8
{[%clk 0:01:23]} 30. Qg4+ {[%clk 0:01:16]} Qe6 {[%clk 0:00:46]} 31. Qf4
{[%clk 0:01:24]} Nd6 {[%clk 0:00:35]} 32. a3 {[%clk 0:01:08]} Qh3
{[%clk 0:00:27]} 33. Qe5 {[%clk 0:00:27]} Qh1+ {[%clk 0:00:30]} 34. Nf1
{[%clk 0:00:14]} Qf3 {[%clk 0:00:29]} 35. Nd2 {[%clk 0:00:21]} Qh1+
{[%clk 0:00:31]} 36. Nf1 {[%clk 0:00:22]} Qf3 {[%clk 0:00:38]} 37. Nd2
{[%clk 0:00:22]} Qh1+ {[%clk 0:00:38]} 38. Nf1 {[%clk 0:00:17]} 1/2-1/2